000 00431nam a22001817a 4500
003 MPLRDC
005 20220104124720.0
008 210129b ||||| |||| 00| 0 eng d
082 _a859.6 JGET v.3
100 _a岭月译
245 _a巧克力战争
_c
250 _a四版
260 _a
_b九歌出版社
_c1985
300 _b
490 _a九歌儿童书房;3
650 _a儿童故事
942 _cBK
_o859.6 JGET v.3
999 _c21560
_d21550